00311nam a22001217a 450000500170000000800410001704100120005808200120007010000130008224500460009530000230014165000250016420240827141719.0240827b |||||||| |||| 00| 0 eng d aEnglish a349 LAW lEnglish  aThe Laws of the Republic of Namibia 2011  b16 pages; c30 cm. aLegal practice bLaw